00764pam a2200241 a 4500001000800000005001700008008004100025010001700066020002800083040002300111041000800134060002300142080001000165082001400175100000600189101000800195245009300203504003900296906004500335942001200380999001700392952011300409431547520180809040627.0870505s1987 flua b 101 0 eng c a 87047723  a0127520856 (alk. paper) aDNLM/DLCcDLCdDLC aeng aWF 600 P98245 1986 a612.200a612.2219 a3 aSHM04aThe Pulmonary circulation in health and disease /cedited by James A. Will ... [et al.]. aIncludes bibliographies and index. a7bcbccorignewd1eocipf19gy-gencatlg 2ddccBK c46947d46947 00102udc40708PËKGa002b002cPËKGd2018-08-09l0o612.2 WILp002-3010702r2018-08-09w2018-08-09yBK